| 000 | 02038nam0a2200409 4500 | ||
|---|---|---|---|
| 001 | RU\NLR\bibl\119221 | ||
| 005 | 20250617095910.0 | ||
| 010 |
_a5-7831-0306-3 _9150 |
||
| 021 |
_aRU _b2000-28393 _91340 |
||
| 035 | _a(NLR Aleph) 000116741 | ||
| 090 |
_a663726 _c663726 |
||
| 100 | _a20001012d2000 |||y0rusy50 ca | ||
| 101 | 0 | _arus | |
| 102 | _aRU | ||
| 105 | _aa ||||||||| | ||
| 200 | 1 |
_aВведение в высокоточную магнитную съемку внутрипромысловых подземных трубопроводов _eУчеб. пособие _e[Для студентов спец. 0508] _fИ.И. Галлямов, Е.И. Ишемгужин _gУфим. гос. нефтяной техн. ун-т |
|
| 210 |
_aУфа _cИзд-во УГНТУ _d2000 |
||
| 215 |
_a70 с. _cил. _d21 |
||
| 320 | _aБиблиогр.: с. 68 (13 назв.) | ||
| 606 | 0 |
_aНефтепромысловые трубы _jРуководства, пособия и т.п. для высшей школы _xКоррозия и защита от нее _91833933 _3RU\NLR\auth\661121478 |
|
| 606 | 0 |
_aНефтепромысловые трубы _jУчебные издания для высшей школы _xКоррозия и защита от нее _91833933 _3RU\NLR\auth\661121478 |
|
| 610 | 0 | _aТрубопроводы магистральные - дефектоскопия магнитная | |
| 675 |
_a622.692.4.07:620.179.14(075.8) _v3 _zrus |
||
| 686 |
_a52.01 _2rugasnti |
||
| 686 |
_a39.71я73 _2rubbk |
||
| 686 | _aИ361-5-082.04я73-1 | ||
| 700 | 1 |
_4070 _7ca _8rus _aГаллямов _bИ. И. _cинженер _gИльдар Ихсанович _9187611 _3RU\NLR\AUTH\770187662 |
|
| 701 | 1 |
_aИшемгужин _bЕ. И. _gЕвгений Измайлович _4070 |
|
| 801 | 0 |
_aRU _bRKP _c20001012 _gPSBO |
|
| 801 | 1 |
_aRU _bRKP _c20001012 |
|
| 801 | 2 |
_aRU _bNLR _c20001201 _grcr |
|
| 830 | _aАвт. по кн. | ||
| 852 |
_aNLR _j2000-4/6984 |
||
| 942 | _cBOOK | ||
| 980 | _aNB | ||